[Event "White Rook U14 Final 2019"]
[Site "Sochi"]
[Date "2019.06.06"]
[Round "1.20"]
[White "Timofeeva, Darya M."]
[Black "Nasyrova, Ekaterina"]
[Result "0-1"]
[WhiteElo "1098"]
[BlackElo "2148"]
[Annotator "RC"]
[PlyCount "106"]
[EventDate "2019.06.02"]
[EventCountry "RUS"]
[SourceTitle "playchess.com"]
[Source "ChessBase"]
[SourceQuality "1"]
[TimeControl "5400+30"]

1. e4 {[%emt 0:00:00]} e5 {[%emt 0:00:00]} 2. Nf3 {[%emt 0:00:00]} Nc6 {[%emt 0:00:00]} 3. d4 {[%emt 0:00:00]} exd4 {[%emt 0:00:00]} 4. Nxd4 {[%emt 0:00:00]} Bb4+ {[%emt 0:00:00]} 5. c3 {[%emt 0:00:31]} Bc5 {[%emt 0:00:00]} 6. Be3 {[%emt 0:00:00]} Bb6 {[%emt 0:00:00]} 7. Nxc6 {[%emt 0:00:38]} bxc6 {[%emt 0:00:25]} 8. Bxb6 {[%emt 0:00:00]} axb6 {[%emt 0:00:00]} 9. Bd3 {[%emt 0:00:58]} Ne7 {[%emt 0:00:23]} 10. O-O {[%emt 0:01:06]} O-O {[%emt 0:00:38]} 11. Re1 {[%emt 0:00:04]} Ng6 {[%emt 0:00:00]} 12. Nd2 {[%emt 0:01:52]} d6 {[%emt 0:03:51]} 13. Nf3 {[%emt 0:02:07]} Re8 {[%emt 0:02:45]} 14. Bc2 {[%emt 0:06:56]} Qf6 {[%emt 0:03:14]} 15. Qd4 {[%emt 0:01:12]} Qf4 {[%emt 0:03:33]} 16. e5 {[%emt 0:07:09]} Qxd4 {[%emt 0:01:51]} 17. cxd4 {[%emt 0:00:45]} Bg4 {[%emt 0:02:09]} 18. Bxg6 {[%emt 0:00:18]} hxg6 {[%emt 0:00:06]} 19. a3 {[%emt 0:00:41]} Bxf3 {[%emt 0:05:47]} 20. gxf3 {[%emt 0:00:40]} dxe5 {[%emt 0:00:11]} 21. dxe5 {[%emt 0:01:29]} Re6 {[%emt 0:00:44]} 22. Rad1 {[%emt 0:00:44]} g5 {[%emt 0:01:28]} 23. Kg2 {[%emt 0:02:04]} Kf8 {[%emt 0:01:33]} 24. Kg3 {[%emt 0:00:29]} Ke7 {[%emt 0:00:23]} 25. f4 {[%emt 0:01:37]} gxf4+ {[%emt 0:00:51]} 26. Kxf4 {[%emt 0:00:15]} Rh8 {[%emt 0:00:00]} 27. Rh1 {[%emt 0:01:04]} Rh3 {[%emt 0:00:22]} 28. Kg4 {[%emt 0:02:41]} Rb3 {[%emt 0:00:55]} 29. f4 {[%emt 0:01:25]} Rxb2 {[%emt 0:01:49]} 30. Rb1 {[%emt 0:01:28]} Ra2 {[%emt 0:02:14]} 31. Ra1 {[%emt 0:01:15]} Rg6+ {[%emt 0:01:51]} 32. Kf3 {[%emt 0:00:58]} Rgg2 {[%emt 0:00:10]} 33. Rxa2 {[%emt 0:06:01]} Rxa2 {[%emt 0:00:07]} 34. h4 {[%emt 0:01:07]} Rxa3+ {[%emt 0:00:05]} 35. Kg4 {[%emt 0:00:00]} c5 {[%emt 0:03:32]} 36. Rc1 {[%emt 0:00:46]} Rd3 {[%emt 0:00:04]} 37. h5 {[%emt 0:00:28]} Rd4 {[%emt 0:01:19]} 38. Ra1 {[%emt 0:01:19]} c4 {[%emt 0:00:00]} 39. Ra7 {[%emt 0:00:42]} Kd7 {[%emt 0:00:36]} 40. Ra1 {[%emt 0:00:35]} c3 {[%emt 0:00:00]} 41. Rc1 {[%emt 0:00:00]} Rc4 {[%emt 0:00:00]} 42. Kg5 {[%emt 0:00:00]} b5 {[%emt 0:00:05]} 43. f5 {[%emt 0:00:47]} b4 {[%emt 0:00:09]} 44. f6 {[%emt 0:00:00]} gxf6+ {[%emt 0:00:46]} 45. exf6 {[%emt 0:00:12]} Rc5+ {[%emt 0:00:45]} 46. Kh6 {[%emt 0:00:20]} b3 {[%emt 0:00:19]} 47. Kg7 {[%emt 0:00:14]} b2 {[%emt 0:00:26]} 48. Rh1 {[%emt 0:00:41]} c2 {[%emt 0:00:42]} 49. h6 {[%emt 0:00:09]} c1=Q {[%emt 0:00:00]} 50. Rh2 {[%emt 0:00:22]} b1=Q {[%emt 0:00:38]} 51. h7 {[%emt 0:00:15]} Qg5+ {[%emt 0:01:04]} 52. Kxf7 {[%emt 0:00:49]} Qgg6+ {[%emt 0:00:09]} 53. Kf8 {[%emt 0:00:00]} Qb8# {[%emt 0:00:06]} 0-1

[Event "White Rook U14 Final 2019"]
[Site "Sochi"]
[Date "2019.06.06"]
[Round "1.21"]
[White "Smirnov, Anton"]
[Black "Putrenko, Kirill"]
[Result "1-0"]
[WhiteElo "2567"]
[BlackElo "2010"]
[Annotator "TA"]
[PlyCount "115"]
[EventDate "2019.06.02"]
[EventCountry "RUS"]
[SourceTitle "playchess.com"]
[Source "ChessBase"]
[SourceQuality "1"]

{[%evp 17,115,5,10,-9,-1,-8,-8,-28,-22,-23,-34,-45,-43,-48,-1,-81,-86,-77,-79,-76,-10,-16,8,5,39,-41,-2,-14,-5,-2,-4,-2,-12,-12,0,0,88,0,0,0,0,0,0,0,72,0,74,90,72,46,65,16,24,0,69,0,18,0,70,55,85,45,45,48,54,31,42,36,70,62,80,77,151,146,130,130,225,208,887,891,887,876,815,790,812,685,2064,1894,2324,2140,5352,5172,5118,4051,1805,1562,29970,29971,29990,29991]} 1. d4 Nf6 2. c4 e6 3. Nc3 Bb4 4. e3 O-O 5. Bd3 d5 6. Nf3 b6 7. O-O Bb7 8. cxd5 exd5 9. a3 Bd6 10. Qc2 {E52: Nimzo-Indian: Rubinstein: 4...0-0 5 Nf3 d5 6 Bd3 b6} c5 11. b3 Nbd7 12. dxc5 $146 {The position is equal.} ({Predecessor:} 12. Bb2 Qe7 13. Bf5 Rfe8 {0-1 (56) Kiriakov,P (2530)-Dreev,A (2650) Elista 1997}) 12... bxc5 13. e4 d4 14. Na4 Re8 {[%cal Rf6e4]} 15. Re1 Qc7 {[#]} 16. Nb2 (16. b4 $1 $11 {[%mdl 512]}) 16... Qc6 $17 {[%cal Rf6e4]} 17. Nc4 {[#]} Bc7 $1 {[%cal Rf6e4]} 18. Ncd2 h6 (18... Ng4 $17) 19. b4 $11 Ng4 20. Nb3 c4 21. Nbxd4 ({Better is} 21. Qxc4 $14 Rxe4 22. Rxe4 Qxc4 23. Bxc4 Bxe4 24. Bb2 (24. Nbxd4 Nde5 $11)) 21... cxd3 22. Qxc6 Bxc6 23. Nxc6 Bb6 $1 {[%cal Rb6f2]} 24. Ra2 Rac8 25. b5 $1 Nc5 26. e5 {Strongly threatening h3.} Nb3 {[#]} (26... f6 $11 {keeps the balance.}) 27. Be3 (27. h3 $1 $16 {[%cal Rh3g4]} d2 28. Bxd2 Bxf2+ {[%mdl 64] Double Attack} 29. Kh1 Bxe1 30. Bxe1) 27... Nxe3 28. fxe3 Na5 29. Nxa5 Bxa5 30. Rd1 $1 Red8 (30... Rc3 $11) 31. Kf2 (31. Nd4 $16) 31... Bc3 (31... Rc3 $11) 32. a4 $16 Rc4 33. Ra3 Kf8 34. Rc1 Rdc8 {Threatening ...d2.} 35. Rd1 Rd8 36. Rc1 ({White should try} 36. a5 $1 $14) 36... Rdc8 $11 {White should prevent ...d2.} 37. Rd1 (37. Rb1 $11) 37... Rd8 $14 38. a5 $1 Bb4 39. Raxd3 (39. Ra2 {with more complications.} Rb8 40. Nd4 d2 41. a6 Rc1 42. Ra1) 39... Rxd3 40. Rxd3 {Black must now prevent b6.} Bxa5 $16 {[%mdl 4096] Endgame KRB-KRN} 41. Rd5 Rc2+ 42. Kg3 Rc3 43. Kf4 $1 Bb6 44. Nd4 Rc1 (44... Ke8 $142) 45. Rd7 Rf1+ 46. Ke4 Rf2 (46... g6 $16) 47. e6 $18 Ke8 $2 (47... fxe6 48. Nxe6+ {[%mdl 64] Double Attack} Ke8 49. Rxg7 Rb2) 48. Rxf7 Rxf7 49. exf7+ Kxf7 {KB-KN} 50. Kd5 Ke7 51. e4 Kd7 52. Nf5 Bg1 53. h3 g6 54. Nxh6 Kc7 55. Nf7 Kb6 56. Nd6 Ka5 57. e5 Kb6 58. e6 {Accuracy: White = 57%, Black = 31%.} 1-0

[Event "White Rook U14 Final 2019"]
[Site "Sochi"]
[Date "2019.06.06"]
[Round "1.25"]
[White "Mongush, Kezhik"]
[Black "Morar, Kirill"]
[Result "1-0"]
[WhiteElo "1824"]
[BlackElo "1445"]
[Annotator "NA RC"]
[PlyCount "92"]
[EventDate "2019.06.02"]
[EventCountry "RUS"]
[SourceTitle "playchess.com"]
[Source "ChessBase"]
[SourceQuality "1"]
[TimeControl "5400+30"]

1. d4 {[%emt 0:00:00]} Nf6 {[%emt 0:00:00]} 2. c4 {[%emt 0:00:00]} g6 {[%emt 0:00:00]} 3. Nc3 {[%emt 0:00:30]} d5 {[%emt 0:00:30]} 4. Nf3 {[%emt 0:00:30]} Bg7 {[%emt 0:00:30]} 5. e3 {[%emt 0:01:34]} O-O {[%emt 0:00:10]} 6. Be2 {[%emt 0:00:12]} h6 {[%emt 0:00:09]} 7. O-O {[%emt 0:00:05]} Be6 {[%emt 0:00:02]} 8. cxd5 {[%emt 0:02:10]} Nxd5 {[%emt 0:00:22]} 9. e4 {[%emt 0:00:14]} Nxc3 {[%emt 0:00:35]} 10. bxc3 {[%emt 0:00:45]} c5 {[%emt 0:07:07]} 11. d5 {[%emt 0:00:22]} Bxc3 {[%emt 0:00:25]} 12. Rb1 {[%emt 0:00:29]} Bc8 {[%emt 0:00:07]} 13. Bxh6 {[%emt 0:00:05]} Bg7 {[%emt 0:00:26]} 14. Qc1 {[%emt 0:00:06]} Qc7 {[%emt 0:00:27]} 15. Bxg7 {[%emt 0:00:35]} Kxg7 {[%emt 0:05:24]} 16. Qc3+ {[%emt 0:00:10]} Kg8 {[%emt 0:00:37]} 17. Rfd1 {[%emt 0:00:03]} Rd8 {[%emt 0:00:23]} 18. Bc4 {[%emt 0:00:26]} Nd7 {[%emt 0:00:35]} 19. Rbc1 {[%emt 0:01:36]} a6 {[%emt 0:00:11]} 20. a4 {[%emt 0:00:05]} Rb8 {[%emt 0:01:16]} 21. a5 {[%emt 0:01:17]} b5 {[%emt 0:00:58]} 22. axb6 {[%emt 0:05:48]} Nxb6 {[%emt 0:01:13]} 23. Bb3 {[%emt 0:01:27]} Nd7 {[%emt 0:07:13]} 24. Ba4 {[%emt 0:01:58]} Nf6 {[%emt 0:02:28]} 25. d6 {[%emt 0:02:06]} Qa7 {[%emt 0:03:21]} 26. Qe5 {[%emt 0:00:07]} Be6 {[%emt 0:00:07]} 27. Ng5 {[%emt 0:00:21]} Kg7 {[%emt 0:01:26]} 28. Nxe6+ {[%emt 0:00:12]} fxe6 {[%emt 0:01:31]} 29. Qxe6 {[%emt 0:18:56]} Rxd6 {[%emt 0:07:02]} 30. Rxd6 {[%emt 0:01:06]} exd6 {[%emt 0:01:47]} 31. Qxd6 {[%emt 0:01:32]} Nxe4 {[%emt 0:00:49]} 32. Qe5+ {[%emt 0:00:26]} Nf6 {[%emt 0:00:18]} 33. h3 {[%emt 0:01:47]} Rb4 {[%emt 0:01:55]} 34. Bc6 {[%emt 0:00:36]} Kf7 {[%emt 0:00:09]} 35. Bd5+ {[%emt 0:00:09]} Nxd5 {[%emt 0:00:27]} 36. Qxd5+ {[%emt 0:00:04]} Ke7 {[%emt 0:00:10]} 37. Qe5+ {[%emt 0:00:48]} Kf7 {[%emt 0:02:52]} 38. Rxc5 {[%emt 0:00:54]} Rb1+ {[%emt 0:02:50]} 39. Kh2 {[%emt 0:00:57]} Rb7 {[%emt 0:00:43]} 40. Qd5+ {[%emt 0:00:04]} Kg7 {[%emt 0:02:08]} 41. Rc8 {[%emt 0:01:01]} Qb6 {[%emt 0:01:48]} 42. Qe5+ {[%emt 0:00:19]} Kf7 {[%emt 0:00:27]} 43. Qe8+ {[%emt 0:00:06]} Kf6 {[%emt 0:02:08]} 44. Rc6+ {[%emt 0:03:04]} Kg7 {[%emt 0:01:55]} 45. Qxg6+ {[%emt 0:01:07]} Kh8 {[%emt 0:03:39]} 46. Rc8+ {[%emt 0:01:45]} Qd8 {[%emt 0:01:09]} 1-0

[Event "White Rook U14 Final 2019"]
[Site "Sochi"]
[Date "2019.06.06"]
[Round "1.26"]
[White "Zadorozhny, Ioann"]
[Black "Fomkin, Dmitry"]
[Result "0-1"]
[WhiteElo "1365"]
[BlackElo "1733"]
[Annotator "NA RC"]
[PlyCount "70"]
[EventDate "2019.06.02"]
[EventCountry "RUS"]
[SourceTitle "playchess.com"]
[Source "ChessBase"]
[SourceQuality "1"]
[TimeControl "5400+30"]

1. e4 {[%emt 0:00:00]} c5 {[%emt 0:00:00]} 2. Nf3 {[%emt 0:00:00]} d6 {[%emt 0:00:32]} 3. d4 {[%emt 0:00:00]} cxd4 {[%emt 0:00:13]} 4. Nxd4 {[%emt 0:00:00]} Nf6 {[%emt 0:00:06]} 5. Nc3 {[%emt 0:00:07]} Nc6 {[%emt 0:00:05]} 6. f3 {[%emt 0:00:23]} e5 {[%emt 0:00:07]} 7. Ndb5 {[%emt 0:00:49]} a6 {[%emt 0:00:41]} 8. Na3 {[%emt 0:00:32]} b5 {[%emt 0:00:11]} 9. Nd5 {[%emt 0:00:17]} Be7 {[%emt 0:00:32]} 10. c4 {[%emt 0:00:12]} b4 {[%emt 0:00:54]} 11. Nc2 {[%emt 0:00:31]} a5 {[%emt 0:01:10]} 12. Be3 {[%emt 0:00:16]} Be6 {[%emt 0:00:24]} 13. Bb6 {[%emt 0:00:32]} Qb8 {[%emt 0:00:33]} 14. Nc7+ {[%emt 0:01:30]} Kf8 {[%emt 0:00:03]} 15. Nxa8 {[%emt 0:00:59]} Qxa8 {[%emt 0:00:04]} 16. Bf2 {[%emt 0:01:01]} g6 {[%emt 0:00:04]} 17. Qd2 {[%emt 0:00:29]} Kg7 {[%emt 0:01:00]} 18. Ne3 {[%emt 0:00:58]} Rd8 {[%emt 0:00:08]} 19. Nd5 {[%emt 0:01:32]} Qb8 {[%emt 0:01:41]} 20. Be3 {[%emt 0:00:17]} Nd7 {[%emt 0:00:51]} 21. Rd1 {[%emt 0:01:10]} Bf8 {[%emt 0:01:12]} 22. g4 {[%emt 0:02:22]} Kg8 {[%emt 0:01:12]} 23. h4 {[%emt 0:00:39]} f6 {[%emt 0:01:52]} 24. h5 {[%emt 0:00:55]} g5 {[%emt 0:01:24]} 25. Bxg5 {[%emt 0:00:28]} Nd4 {[%emt 0:00:24]} 26. Bg2 {[%emt 0:01:30]} Bxd5 {[%emt 0:01:24]} 27. cxd5 {[%emt 0:02:06]} fxg5 {[%emt 0:00:55]} 28. Qxg5+ {[%emt 0:00:23]} Kh8 {[%emt 0:00:38]} 29. Rxd4 {[%emt 0:00:18]} exd4 {[%emt 0:00:04]} 30. Qd2 {[%emt 0:00:12]} Qb6 {[%emt 0:00:12]} 31. g5 {[%emt 0:00:21]} Ne5 {[%emt 0:00:32]} 32. g6 {[%emt 0:00:21]} h6 {[%emt 0:01:20]} 33. f4 {[%emt 0:01:56]} Nc4 {[%emt 0:00:36]} 34. Qe2 {[%emt 0:03:30]} Ne3 {[%emt 0:00:10]} 35. f5 {[%emt 0:00:11]} Rc8 {[%emt 0:00:05]} 0-1

[Event "White Rook U14 Final 2019"]
[Site "Sochi"]
[Date "2019.06.06"]
[Round "1.27"]
[White "Ponomarev, Andrey A."]
[Black "Morar, Dmitriy"]
[Result "0-1"]
[WhiteElo "1919"]
[BlackElo "1332"]
[Annotator "NA RC"]
[PlyCount "64"]
[EventDate "2019.06.02"]
[EventCountry "RUS"]
[SourceTitle "playchess.com"]
[Source "ChessBase"]
[SourceQuality "1"]
[TimeControl "5400+30"]

1. e4 {[%emt 0:00:00]} c5 {[%emt 0:00:00]} 2. Nf3 {[%emt 0:00:08]} Nc6 {[%emt 0:00:00]} 3. d4 {[%emt 0:00:10]} cxd4 {[%emt 0:00:00]} 4. Nxd4 {[%emt 0:00:19]} Nf6 {[%emt 0:00:00]} 5. Nc3 {[%emt 0:00:39]} d6 {[%emt 0:00:00]} 6. Bg5 {[%emt 0:00:09]} e6 {[%emt 0:00:11]} 7. Qd2 {[%emt 0:00:06]} Be7 {[%emt 0:00:21]} 8. O-O-O {[%emt 0:00:10]} O-O {[%emt 0:00:00]} 9. f4 {[%emt 0:00:35]} a6 {[%emt 0:00:39]} 10. Be2 {[%emt 0:00:09]} Qc7 {[%emt 0:00:33]} 11. Bf3 {[%emt 0:00:41]} Rd8 {[%emt 0:01:01]} 12. Rhe1 {[%emt 0:03:54]} Rb8 {[%emt 0:04:39]} 13. Kb1 {[%emt 0:00:47]} Nxd4 {[%emt 0:14:53]} 14. Qxd4 {[%emt 0:00:07]} b5 {[%emt 0:00:46]} 15. e5 {[%emt 0:10:26]} Ne8 {[%emt 0:01:50]} 16. Bxe7 {[%emt 0:00:22]} Qxe7 {[%emt 0:00:11]} 17. Ne4 {[%emt 0:00:00]} d5 {[%emt 0:02:00]} 18. Nc5 {[%emt 0:00:59]} Nc7 {[%emt 0:00:45]} 19. a3 {[%emt 0:07:37]} a5 {[%emt 0:03:10]} 20. g4 {[%emt 0:00:27]} b4 {[%emt 0:02:23]} 21. a4 {[%emt 0:00:23]} Na6 {[%emt 0:02:03]} 22. Nxa6 {[%emt 0:00:08]} Bxa6 {[%emt 0:00:07]} 23. f5 {[%emt 0:02:18]} Rdc8 {[%emt 0:06:59]} 24. b3 {[%emt 0:00:00]} Qc7 {[%emt 0:00:52]} 25. Rd2 {[%emt 0:06:26]} Qc3 {[%emt 0:02:15]} 26. Qf2 {[%emt 0:01:24]} Qc5 {[%emt 0:03:03]} 27. Qg2 {[%emt 0:01:24]} Qa7 {[%emt 0:06:53]} 28. f6 {[%emt 0:02:48]} Rc3 {[%emt 0:01:37]} 29. Qg3 {[%emt 0:10:58]} Rbc8 {[%emt 0:02:32]} 30. Qf4 {[%emt 0:02:30]} Qc5 {[%emt 0:04:27]} 31. Bd1 {[%emt 0:06:53]} Rxb3+ {[%emt 0:02:07]} 32. cxb3 {[%emt 0:00:00]} Qc1+ {[%emt 0:00:00]} 0-1

[Event "White Rook U14 Final 2019"]
[Site "Sochi"]
[Date "2019.06.06"]
[Round "1.28"]
[White "Gutsulyak, Alisa"]
[Black "Namay, Viktoria"]
[Result "1/2-1/2"]
[WhiteElo "1248"]
[BlackElo "1359"]
[Annotator "NA RC"]
[PlyCount "95"]
[EventDate "2019.06.02"]
[EventCountry "RUS"]
[SourceTitle "playchess.com"]
[Source "ChessBase"]
[SourceQuality "1"]
[TimeControl "5400+30"]

1. e4 {[%emt 0:00:00]} c6 {[%emt 0:01:26]} 2. Bc4 {[%emt 0:00:07]} d5 {[%emt 0:00:14]} 3. Bb3 {[%emt 0:00:03]} dxe4 {[%emt 0:00:25]} 4. Qh5 {[%emt 0:00:11]} e6 {[%emt 0:00:38]} 5. Nc3 {[%emt 0:00:11]} Nf6 {[%emt 0:00:11]} 6. Qh4 {[%emt 0:00:16]} Be7 {[%emt 0:00:55]} 7. Nxe4 {[%emt 0:00:16]} Nbd7 {[%emt 0:00:08]} 8. d3 {[%emt 0:02:03]} b6 {[%emt 0:02:05]} 9. Ne2 {[%emt 0:05:23]} Bb7 {[%emt 0:00:57]} 10. N2c3 {[%emt 0:01:11]} c5 {[%emt 0:01:23]} 11. Qg3 {[%emt 0:03:11]} Nxe4 {[%emt 0:06:03]} 12. Nxe4 {[%emt 0:00:12]} Bxe4 {[%emt 0:03:48]} 13. dxe4 {[%emt 0:00:11]} Bf6 {[%emt 0:00:20]} 14. c3 {[%emt 0:03:38]} Rc8 {[%emt 0:06:28]} 15. O-O {[%emt 0:02:35]} O-O {[%emt 0:00:30]} 16. f4 {[%emt 0:02:36]} c4 {[%emt 0:00:13]} 17. Bc2 {[%emt 0:00:14]} Bh4 {[%emt 0:03:03]} 18. Qh3 {[%emt 0:03:09]} e5 {[%emt 0:05:35]} 19. f5 {[%emt 0:02:37]} Bg5 {[%emt 0:00:11]} 20. Qg4 {[%emt 0:02:33]} Bxc1 {[%emt 0:01:00]} 21. Raxc1 {[%emt 0:00:06]} f6 {[%emt 0:00:23]} 22. Rf3 {[%emt 0:01:11]} Qe7 {[%emt 0:01:45]} 23. Rh3 {[%emt 0:01:21]} Rfd8 {[%emt 0:00:30]} 24. Qh5 {[%emt 0:01:15]} Nf8 {[%emt 0:00:51]} 25. Rd1 {[%emt 0:05:42]} Rxd1+ {[%emt 0:01:01]} 26. Bxd1 {[%emt 0:01:51]} Rd8 {[%emt 0:00:34]} 27. Qe2 {[%emt 0:04:48]} b5 {[%emt 0:03:31]} 28. Kf1 {[%emt 0:02:47]} Qd6 {[%emt 0:01:11]} 29. Ke1 {[%emt 0:01:13]} Nd7 {[%emt 0:00:37]} 30. b4 {[%emt 0:00:36]} a5 {[%emt 0:03:33]} 31. a3 {[%emt 0:18:53]} Ra8 {[%emt 0:01:31]} 32. Bc2 {[%emt 0:00:53]} axb4 {[%emt 0:05:13]} 33. cxb4 {[%emt 0:00:11]} Qd4 {[%emt 0:02:35]} 34. Qe3 {[%emt 0:00:42]} Qa1+ {[%emt 0:07:53]} 35. Kd2 {[%emt 0:00:47]} Rc8 {[%emt 0:04:32]} 36. Qc3 {[%emt 0:04:28]} Qg1 {[%emt 0:00:35]} 37. Qf3 {[%emt 0:03:01]} c3+ {[%emt 0:03:39]} 38. Ke2 {[%emt 0:02:16]} Qc1 {[%emt 0:00:40]} 39. Qd3 {[%emt 0:03:38]} Nb6 {[%emt 0:02:26]} 40. Bb3+ {[%emt 0:00:45]} Kf8 {[%emt 0:00:32]} 41. Be6 {[%emt 0:02:24]} Qb2+ {[%emt 0:05:04]} 42. Ke3 {[%emt 0:07:28]} Nc4+ {[%emt 0:02:37]} 43. Bxc4 {[%emt 0:00:25]} Rxc4 {[%emt 0:00:15]} 44. Qd8+ {[%emt 0:00:15]} Kf7 {[%emt 0:00:08]} 45. Qd7+ {[%emt 0:00:11]} Kf8 {[%emt 0:00:07]} 46. Qd8+ {[%emt 0:01:25]} Kf7 {[%emt 0:00:09]} 47. Qd7+ {[%emt 0:00:08]} Kf8 {[%emt 0:00:06]} 48. Qd8+ {[%emt 0:00:45]} 1/2-1/2

[Event "White Rook U14 Final 2019"]
[Site "Sochi"]
[Date "2019.06.06"]
[Round "1.29"]
[White "Deminov, Ilya"]
[Black "Abrazevich, Yauheni"]
[Result "1-0"]
[WhiteElo "1562"]
[BlackElo "1888"]
[Annotator "NA RC"]
[PlyCount "107"]
[EventDate "2019.06.02"]
[EventCountry "RUS"]
[SourceTitle "playchess.com"]
[Source "ChessBase"]
[SourceQuality "1"]
[TimeControl "5400+30"]

1. e4 {[%emt 0:00:00]} e5 {[%emt 0:00:08]} 2. Nf3 {[%emt 0:00:02]} Nc6 {[%emt 0:00:06]} 3. Bb5 {[%emt 0:00:05]} Nf6 {[%emt 0:00:03]} 4. O-O {[%emt 0:00:06]} Nxe4 {[%emt 0:00:06]} 5. d4 {[%emt 0:00:05]} Nd6 {[%emt 0:00:03]} 6. Bxc6 {[%emt 0:00:06]} dxc6 {[%emt 0:00:06]} 7. dxe5 {[%emt 0:00:03]} Nf5 {[%emt 0:00:05]} 8. Qxd8+ {[%emt 0:00:05]} Kxd8 {[%emt 0:00:06]} 9. g4 {[%emt 0:01:25]} Ne7 {[%emt 0:00:27]} 10. h3 {[%emt 0:00:08]} h5 {[%emt 0:01:06]} 11. Ng5 {[%emt 0:00:08]} Ke8 {[%emt 0:00:18]} 12. f3 {[%emt 0:00:08]} Ng6 {[%emt 0:00:16]} 13. Re1 {[%emt 0:00:41]} hxg4 {[%emt 0:02:24]} 14. hxg4 {[%emt 0:03:30]} Be7 {[%emt 0:03:18]} 15. Nc3 {[%emt 0:02:39]} Be6 {[%emt 0:02:13]} 16. Kg2 {[%emt 0:07:33]} Kd7 {[%emt 0:07:11]} 17. Rd1+ {[%emt 0:01:52]} Kc8 {[%emt 0:00:09]} 18. Nxe6 {[%emt 0:00:59]} fxe6 {[%emt 0:00:19]} 19. f4 {[%emt 0:00:55]} b6 {[%emt 0:07:19]} 20. Ne2 {[%emt 0:06:33]} Kb7 {[%emt 0:08:42]} 21. Nd4 {[%emt 0:01:52]} Rad8 {[%emt 0:00:09]} 22. Be3 {[%emt 0:00:23]} Bc5 {[%emt 0:00:15]} 23. Nxe6 {[%emt 0:00:52]} Rde8 {[%emt 0:08:14]} 24. Nxc5+ {[%emt 0:00:43]} bxc5 {[%emt 0:00:05]} 25. Rd7 {[%emt 0:00:53]} Rh4 {[%emt 0:01:02]} 26. Rxg7 {[%emt 0:12:34]} Rxg4+ {[%emt 0:05:03]} 27. Kh3 {[%emt 0:01:46]} Nxe5 {[%emt 0:12:20]} 28. Rxg4 {[%emt 0:05:45]} Nxg4 {[%emt 0:00:07]} 29. Bxc5 {[%emt 0:00:31]} Nf6 {[%emt 0:00:21]} 30. Bd4 {[%emt 0:00:39]} Nd5 {[%emt 0:01:55]} 31. Rf1 {[%emt 0:04:34]} Re4 {[%emt 0:01:58]} 32. Be5 {[%emt 0:00:20]} Re2 {[%emt 0:13:27]} 33. c4 {[%emt 0:01:49]} Re3+ {[%emt 0:02:22]} 34. Kg4 {[%emt 0:04:29]} Ne7 {[%emt 0:14:57]} 35. Bc3 {[%emt 0:02:49]} Re4 {[%emt 0:02:13]} 36. Re1 {[%emt 0:00:27]} Rxe1 {[%emt 0:00:42]} 37. Bxe1 {[%emt 0:00:07]} Kc8 {[%emt 0:01:27]} 38. f5 {[%emt 0:00:09]} Kd7 {[%emt 0:00:22]} 39. Bb4 {[%emt 0:00:14]} c5 {[%emt 0:03:47]} 40. Bxc5 {[%emt 0:00:19]} Nc6 {[%emt 0:00:01]} 41. Kf4 {[%emt 0:00:11]} a6 {[%emt 0:00:54]} 42. b4 {[%emt 0:00:29]} Nd8 {[%emt 0:01:16]} 43. Ke5 {[%emt 0:00:30]} Nf7+ {[%emt 0:02:46]} 44. Kf6 {[%emt 0:00:07]} Nd8 {[%emt 0:00:08]} 45. Kg7 {[%emt 0:00:44]} Ke8 {[%emt 0:00:15]} 46. b5 {[%emt 0:00:28]} axb5 {[%emt 0:00:42]} 47. cxb5 {[%emt 0:00:08]} Kd7 {[%emt 0:00:14]} 48. a4 {[%emt 0:00:06]} c6 {[%emt 0:00:48]} 49. b6 {[%emt 0:00:57]} Nb7 {[%emt 0:01:02]} 50. Bb4 {[%emt 0:00:11]} c5 {[%emt 0:00:34]} 51. Bc3 {[%emt 0:02:08]} Nd6 {[%emt 0:01:06]} 52. f6 {[%emt 0:00:18]} Ke6 {[%emt 0:00:33]} 53. f7 {[%emt 0:00:31]} Nf5+ {[%emt 0:00:18]} 54. Kh7 {[%emt 0:01:15]} 1-0

[Event "White Rook U14 Final 2019"]
[Site "Sochi"]
[Date "2019.06.06"]
[Round "1.32"]
[White "Zeliantsova, Kseniya"]
[Black "Deminova, Maria"]
[Result "1/2-1/2"]
[WhiteElo "1892"]
[BlackElo "1737"]
[Annotator "NA RC"]
[PlyCount "64"]
[EventDate "2019.06.02"]
[EventCountry "RUS"]
[SourceTitle "playchess.com"]
[Source "ChessBase"]
[SourceQuality "1"]
[TimeControl "5400+30"]

1. e4 {[%emt 0:00:00]} c5 {[%emt 0:00:05]} 2. Nf3 {[%emt 0:00:05]} e6 {[%emt 0:00:06]} 3. c4 {[%emt 0:00:02]} Nc6 {[%emt 0:00:08]} 4. Nc3 {[%emt 0:00:06]} Nge7 {[%emt 0:00:09]} 5. Be2 {[%emt 0:00:39]} b6 {[%emt 0:06:35]} 6. d4 {[%emt 0:01:24]} cxd4 {[%emt 0:00:08]} 7. Nxd4 {[%emt 0:00:04]} Nxd4 {[%emt 0:00:10]} 8. Qxd4 {[%emt 0:00:06]} Nc6 {[%emt 0:00:05]} 9. Qd1 {[%emt 0:00:13]} Bb7 {[%emt 0:01:54]} 10. O-O {[%emt 0:01:52]} Be7 {[%emt 0:02:58]} 11. Be3 {[%emt 0:01:41]} O-O {[%emt 0:01:29]} 12. f4 {[%emt 0:00:53]} d6 {[%emt 0:02:13]} 13. Qd2 {[%emt 0:01:18]} Rc8 {[%emt 0:03:03]} 14. Rad1 {[%emt 0:01:36]} Rc7 {[%emt 0:22:25]} 15. b3 {[%emt 0:10:04]} Rd7 {[%emt 0:08:23]} 16. Bf3 {[%emt 0:04:35]} Qb8 {[%emt 0:12:57]} 17. Qf2 {[%emt 0:01:15]} Rfd8 {[%emt 0:01:09]} 18. Qg3 {[%emt 0:00:59]} Bf6 {[%emt 0:02:13]} 19. Nb5 {[%emt 0:11:07]} Nb4 {[%emt 0:12:23]} 20. Nxd6 {[%emt 0:20:35]} Nc2 {[%emt 0:08:05]} 21. Bf2 {[%emt 0:03:09]} Rxd6 {[%emt 0:03:46]} 22. Rxd6 {[%emt 0:00:07]} Rxd6 {[%emt 0:00:26]} 23. e5 {[%emt 0:00:23]} Bxe5 {[%emt 0:01:45]} 24. fxe5 {[%emt 0:00:23]} Rd3 {[%emt 0:00:29]} 25. Rd1 {[%emt 0:01:14]} Qd8 {[%emt 0:04:29]} 26. Rxd3 {[%emt 0:03:47]} Qxd3 {[%emt 0:00:04]} 27. h3 {[%emt 0:00:37]} Nd4 {[%emt 0:01:57]} 28. Bxd4 {[%emt 0:08:37]} Qxd4+ {[%emt 0:00:04]} 29. Qf2 {[%emt 0:00:04]} Qa1+ {[%emt 0:00:08]} 30. Qf1 {[%emt 0:00:08]} Qd4+ {[%emt 0:03:51]} 31. Qf2 {[%emt 0:00:13]} Qa1+ {[%emt 0:00:07]} 32. Qf1 {[%emt 0:00:11]} Qd4+ {[%emt 0:00:19]} 1/2-1/2